| 000 | 00516cam a2200193 4500 | ||
|---|---|---|---|
| 001 | D1237 | ||
| 008 | 090401t1976 xxu||||| |||| 00| 0 eng d | ||
| 035 | _a(Sirsi) u63205 | ||
| 041 | _aeng | ||
| 050 | _a692.3 | ||
| 100 | _aBarnes, Martin | ||
| 245 | _aLevels of measurement, a discussion paper assembled by Martin Barnes | ||
| 260 |
_aLondon _bStandard Method of Measurement Developme _c1976 |
||
| 300 | _ac35 leaves. 30cm | ||
| 350 | _a0 | ||
| 520 | _aFiled at SMMDU/12 | ||
| 942 | _n0 | ||
| 948 | _c04/03/1997 | ||
| 999 |
_c94516 _d94516 |
||